000 00612nam a22002057a 4500
008 151022b xxu||||| |||| 00| 0 eng d
020 _a0312432046
041 0 _aeng
080 _a316.77
100 1 _aCampbell, Richard,
245 1 0 _aMedia & culture :
_cRichard Campbell, Christopher R. Martin, Bettina Fabos.
246 3 _aMedia and culture
250 _a5th ed.
260 _aBoston :
_bBedford/St. Martins,
_c2006.
300 _axxii, 625 f. :
_bme il.;
_c28 cm.
650 0 _aMedia
650 0 _aKultura
700 1 _aMartin, Christopher R.
942 _2udc
_cBK
999 _c1335
_d1335